000 02324cam a22005054i 4500
003 PE-LiUPU
005 20250731172915.0
008 150617s1984 r 000 0 d
020 _a8430109471
035 _a(Sirsi) i9788430109470
040 _aPE-LiUPU
_bspa
_cPE-LiUPU
_erda
049 _aPRUA
082 0 4 _a248.4
_bP56
_221
100 1 _aPikaza, Xabier,
_d1941- ,
_eautor.
245 1 0 _aHermanos de Jesús y servidores de los mas pequeños :
_bJuicio de Dios y compromiso histórico en Mateo /
_cXavier Pikaza.
264 1 _aSalamanca :
_bEdiciones Sigueme,
_c1984.
300 _a460 páginas ;
_c22 centímetros
336 _atext
_2rdacontent
337 _aunmediated
_2rdamedia
338 _avolume
_2rdacarrier
490 0 _aBiblioteca de Estudios Bíblicos ;
_v46
504 _anotas bibliográficas.
505 0 _aEstructura. Género literario -- Hermeneutica: niveles de surgimiento y lectura -- División -- Génesis -- Intérpretes -- Cuando venga el hijo del hombre (Mt 25, 31ab) -- Juicio como acción del hijo del hombre (25, 31c-33) -- Juicio como la palabra del hijo del hombre (25, 34-45) -- Cumplimiento de la sentencia (25,46) -- Acceso al tema. Estructura de Mt -- Términos clave -- Ampliación temática -- Dios -- Cristo -- Hombre -- Iglesia.
526 _aSEG42
526 _aSEG41
526 _aSEG40
526 _aSEG39
526 _aP94
526 _aP87
526 _aP86
526 _aP85
526 _aP77
526 _aP76
526 _aP35
630 _aBiblia
_pN.T.
_pMateo
_xCrítica e interpretación.
910 _ajck
_bjvq
_cjck
_d20150616
942 _2ddc
_cBOOK
949 _a248.4 P56
_wDEWEY
_c1
_i25337
_lCCODEBUL1
_mBUL
_r0
_sY
_tBOOK
_u2015-6-17
_xINGENIERIA
_PP35
_0COMPRA
_o.STAFF. Colección General
949 _a248.4 P56
_wDEWEY
_c2
_i37101
_lCCODEBUL1
_mBUL
_r0
_sY
_tBOOK
_u2016-10-3
_xINGENIERIA
_PP35
_0COMPRA
_o.STAFF. Colección Teología
994 _aC0
_bPEPRU
596 _a1
999 _a248.4 P56
_wDEWEY
_c18622
_i25337
_d18622
_f2021-11-10
_g5
_lCCODEBUL1
_mBUL
_q2
_r0
_sY
_tBOOK
_u2015-6-17
_xTEOLOGIA
_PP35
_0COMPRA
_o.STAFF. Colección General
999 _a248.4 P56
_wDEWEY
_c2
_i37101
_f2021-11-10
_g5
_lCCODEBUL1
_mBUL
_r0
_sY
_tBOOK
_u2016-10-3
_xTEOLOGIA
_PP35
_0COMPRA
_o.STAFF. Colección Teología
980 _81
_gALBERTO SANCHEZ Responsable de Automatización